Reflexie na Rázusove časové poznámky

Bibliographic Details
Main Author: Hodža, Ján Miloslav, 1856-1941 (Author)
Format: Article
Language:Slovak

MARC

LEADER 00000nab a2200000uu 4500
001 vtls011531097
003 SK-MaSNL
005 20260303184826.0
008 230824|1932 xo |||||||||||||||||slo|
015 |a SNBRB 
035 |a (urnnbn)urn:nbn:sk:snk:ar-a0908m 
035 |a (uuid)1e2bfa04-119f-4868-a516-3880c10c073b 
035 |a urn:nbn:sk:snk-abeh3o 
040 |a SNKBUCL  |b slo  |c SNKBUCL  |e AACR2 
041 0 |a slo 
044 |a xo  |c SK 
100 1 |a Hodža, Ján Miloslav,  |d 1856-1941  |4 aut  |9 184936 
245 1 0 |a Reflexie na Rázusove časové poznámky  |c Ján M. Hodža 
773 0 |t Cirkevné listy : časopis venovaný záujmom cirkve evanjelickej a. v.  |g Roč. 46, č. 24 (1932), s. 528-530 
954 |a odborná, vedecká literatúra pôvodná (slovenská)  |2 lita 
958 |a ONDV 
958 |a article21 
999 |c 2128486  |d 2130416